Engineering growth (Record no. 112933)

MARC details
000 -LEADER
fixed length control field 00977cad a22001935a 4500
001 - CONTROL NUMBER
control field L154320
008 - FIXED-LENGTH DATA ELEMENTS--GENERAL INFORMATION
fixed length control field 111114s2011 xxk f 000 0 eng d
035 ## - SYSTEM CONTROL NUMBER
System control number (Sirsi) u154320
041 0# - LANGUAGE CODE
Language code of text/sound track or separate title eng
110 2# - MAIN ENTRY--CORPORATE NAME
Corporate name or jurisdiction name as entry element PriceWaterhouseCoopers
9 (RLIN) 3793
245 00 - TITLE STATEMENT
Title Engineering growth
Remainder of title fourth-quarter 2010 global engineering and construction mergers and acquisitions analysis
Medium [electronic resource]
260 ## - PUBLICATION, DISTRIBUTION, ETC.
Place of publication, distribution, etc. [S.l.]
Name of publisher, distributor, etc. PwC
Date of publication, distribution, etc. 2011
520 ## - SUMMARY, ETC.
Summary, etc. Analysis of mergers and acquisitions (M&A) in the global engineering and construction industry for Q4 2010. Includes a summary of M and A activity and a special report that discusses potential growth opportunities in emerging markets.
590 ## - LOCAL NOTE (RLIN)
Local note KA
651 #4 - SUBJECT ADDED ENTRY--GEOGRAPHIC NAME
Geographic name International
690 ## - LOCAL SUBJECT ADDED ENTRY--TOPICAL TERM (OCLC, RLIN)
Topical term or geographic name as entry element BUILT ENVIRONMENT-CONSTRUCTION MARKET
856 40 - ELECTRONIC LOCATION AND ACCESS
Uniform Resource Identifier <a href="https://www.pwc.com/en_GX/gx/engineering-construction/mergers-acquisitions/pdf/engineering-growth-q4-2010.pdf">https://www.pwc.com/en_GX/gx/engineering-construction/mergers-acquisitions/pdf/engineering-growth-q4-2010.pdf</a>
Public note View this item free of charge at www.constructionstrategygroup.org
942 ## - ADDED ENTRY ELEMENTS (KOHA)
Suppress in OPAC 0
Holdings
Withdrawn status Lost status Source of classification or shelving scheme Damaged status Not for loan Home library Current library Shelving location Date acquired Total Checkouts Full call number Barcode Date last seen Copy number Price effective from Koha item type
    Dewey Decimal Classification     Virtual Virtual Online 14/11/2011   ONLINE PUBLICATION 154320-2001 06/08/2019 1 06/08/2019 Book